[Event "Irwin/Haring/Denker/Barber/Rockefeller Championships 2021"]
[Site "Crowne Plaza Cherry Hill, United States"]
[Date "2021.08.01"]
[Round "2.11"]
[White "Gupta, Arnav Tamnash"]
[Black "Park, Evan"]
[Result "1/2-1/2"]
[TimeControl "G/90;+30"]
[WhiteElo "2038"]
[BlackElo "2352"]

1. d4 {[%clk 01:30:56]} {[%emt 00:00:14]} f5 {[%clk 01:30:50]} {[%emt
00:00:29]} 2. Nc3 {[%clk 01:31:09]} d5 {[%clk 01:28:40]} {[%emt 00:02:28]} 3.
Bf4 {[%clk 01:30:21]} {[%emt 00:01:49]} Nf6 {[%clk 01:28:38]} {[%emt 00:00:05]}
4. e3 {[%clk 01:30:33]} {[%emt 00:00:50]} e6 {[%clk 01:27:37]} {[%emt
00:01:05]} 5. Nb5 {[%clk 01:29:10]} {[%emt 00:01:46]} Na6 {[%clk 01:27:00]}
{[%emt 00:01:18]} 6. c4 {[%clk 01:29:29]} Be7 {[%clk 01:24:14]} {[%emt
00:03:13]} 7. Nf3 {[%clk 01:26:16]} {[%emt 00:03:43]} O-O {[%clk 01:22:07]}
{[%emt 00:03:07]} 8. Nc3 {[%clk 01:24:06]} {[%emt 00:02:06]} Ne4 {[%clk
01:16:34]} {[%emt 00:06:07]} 9. cxd5 {[%clk 01:20:18]} {[%emt 00:04:44]} exd5
{[%clk 01:15:51]} {[%emt 00:01:05]} 10. Rc1 {[%clk 01:18:58]} {[%emt 00:02:02]}
Be6 {[%clk 00:59:39]} {[%emt 00:16:12]} 11. Be2 {[%clk 01:12:40]} {[%emt
00:07:30]} c6 {[%clk 00:54:39]} {[%emt 00:04:51]} 12. O-O {[%clk 01:10:21]}
{[%emt 00:03:21]} Nc7 {[%clk 00:52:44]} {[%emt 00:02:10]} 13. Qb3 {[%clk
01:06:36]} {[%emt 00:03:55]} Nd6 {[%clk 00:49:18]} {[%emt 00:04:00]} 14. Na4
{[%clk 01:04:46]} {[%emt 00:02:15]} Rb8 {[%clk 00:40:52]} {[%emt 00:08:57]} 15.
Nc5 {[%clk 01:03:20]} {[%emt 00:01:56]} Bf7 {[%clk 00:39:14]} {[%emt 00:02:12]}
16. Qa4 {[%clk 00:54:49]} {[%emt 00:09:34]} a6 {[%clk 00:36:20]} {[%emt
00:03:06]} 17. Qb3 {[%clk 00:54:20]} {[%emt 00:00:41]} Bh5 {[%clk 00:32:52]}
{[%emt 00:03:58]} 18. Rfe1 {[%clk 00:51:03]} {[%emt 00:03:44]} Re8 {[%clk
00:24:53]} {[%emt 00:08:35]} 19. Ne5 {[%clk 00:50:26]} {[%emt 00:00:58]} Bxe2
{[%clk 00:25:08]} {[%emt 00:00:20]} 20. Rxe2 {[%clk 00:50:54]} {[%emt
00:00:03]} g5 {[%clk 00:16:35]} {[%emt 00:09:08]} 21. Bg3 {[%clk 00:51:04]}
{[%emt 00:00:11]} Bf6 {[%clk 00:13:58]} {[%emt 00:03:29]} 22. Ree1 {[%clk
00:49:10]} {[%emt 00:02:08]} Re7 {[%clk 00:13:29]} {[%emt 00:00:53]} 23. Qd1
{[%clk 00:44:30]} {[%emt 00:05:13]} Ne6 {[%clk 00:12:07]} {[%emt 00:01:49]} 24.
Nxb7 {[%clk 00:29:22]} {[%emt 00:15:57]} Rbxb7 {[%clk 00:10:13]} {[%emt
00:02:43]} 25. Nxc6 {[%clk 00:29:40]} Qd7 {[%clk 00:10:36]} 26. Nxe7+ {[%clk
00:29:08]} {[%emt 00:00:42]} Bxe7 {[%clk 00:10:49]} {[%emt 00:00:26]} 27. Bxd6
{[%clk 00:29:06]} {[%emt 00:00:22]} Bxd6 {[%clk 00:11:00]} {[%emt 00:00:43]} 28.
Qc2 {[%clk 00:29:23]} f4 {[%clk 00:08:10]} {[%emt 00:03:17]} 29. Qc8+ {[%clk
00:28:06]} {[%emt 00:01:39]} Kf7 {[%clk 00:07:21]} {[%emt 00:01:18]} 30. Qxd7+
{[%clk 00:24:25]} {[%emt 00:04:44]} Rxd7 {[%clk 00:07:50]} 31. Rc6 {[%clk
00:24:38]} a5 {[%clk 00:07:12]} {[%emt 00:01:40]} 32. Rec1 {[%clk 00:24:22]}
{[%emt 00:00:15]} Ng7 {[%clk 00:06:36]} {[%emt 00:00:59]} 33. Ra6 {[%clk
00:23:21]} {[%emt 00:01:26]} Nf5 {[%clk 00:04:27]} {[%emt 00:02:44]} 34. g4
{[%clk 00:19:34]} {[%emt 00:04:37]} Nh4 {[%clk 00:03:11]} {[%emt 00:01:30]} 35.
a3 {[%clk 00:16:54]} {[%emt 00:03:00]} fxe3 {[%clk 00:01:46]} {[%emt 00:01:54]}
36. fxe3 {[%clk 00:17:19]} {[%emt 00:00:37]} Ke6 {[%clk 00:01:24]} {[%emt
00:00:53]} 37. b4 {[%clk 00:16:40]} {[%emt 00:00:35]} axb4 {[%clk 00:01:48]}
{[%emt 00:00:10]} 38. axb4 {[%clk 00:17:09]} Nf3+ {[%clk 00:02:02]} {[%emt
00:00:29]} 39. Kg2 {[%clk 00:17:25]} Nd2 {[%clk 00:02:28]} {[%emt 00:00:04]} 40.
b5 {[%clk 00:17:05]} {[%emt 00:01:00]} Rb7 {[%clk 00:02:49]} 41. b6 {[%clk
00:17:04]} {[%emt 00:00:28]} Nc4 {[%clk 00:02:35]} {[%emt 00:01:27]} 42. e4
{[%clk 00:17:13]} Bf4 {[%clk 00:02:37]} {[%emt 00:00:08]} 43. Rc3 {[%clk
00:16:15]} {[%emt 00:01:27]} Bd2 {[%clk 00:02:23]} {[%emt 00:00:52]} 44. exd5+
{[%clk 00:16:36]} {[%emt 00:00:08]} Kxd5 {[%clk 00:02:51]} {[%emt 00:00:04]} 45.
Rb3 {[%clk 00:16:42]} {[%emt 00:00:14]} h6 {[%clk 00:02:18]} {[%emt 00:01:13]}
46. Ra7 {[%clk 00:16:38]} {[%emt 00:00:53]} Rxb6 {[%clk 00:01:54]} {[%emt
00:00:41]} 47. Rxb6 {[%clk 00:17:01]} Nxb6 {[%clk 00:02:20]} 48. Rh7 {[%clk
00:17:19]} {[%emt 00:00:05]} Be1 {[%clk 00:02:13]} {[%emt 00:00:46]} 49. Rxh6
{[%clk 00:17:42]} {[%emt 00:00:12]} Nc4 {[%clk 00:02:21]} {[%emt 00:00:23]} 50.
Rh5 {[%clk 00:17:52]} {[%emt 00:00:07]} Bh4 {[%clk 00:02:24]} {[%emt 00:01:03]}
51. Kh3 {[%clk 00:18:03]} Kxd4 {[%clk 00:02:48]} 52. Rxh4 {[%clk 00:18:27]}
gxh4 {[%clk 00:03:10]} {[%emt 00:00:10]} 53. Kxh4 {[%clk 00:18:49]} {[%emt
00:00:04]} Ke5 {[%clk 00:03:38]} {[%emt 00:00:19]} 54. Kg5 {[%clk 00:19:10]}
Ne3 {[%clk 00:03:59]} {[%emt 00:00:04]} 55. h3 {[%clk 00:19:30]} {[%emt
00:00:05]} Nd5 {[%clk 00:03:51]} {[%emt 00:01:07]} 56. h4 {[%clk 00:19:40]} Nf6
{[%clk 00:04:15]} 57. h5 {[%clk 00:20:04]} {[%emt 00:00:04]} Nxg4 {[%clk
00:04:39]} {[%emt 00:00:10]} 58. Kxg4 {[%clk 00:20:31]} Kf6 {[%clk 00:05:08]}
{[%emt 00:00:07]} 1/2-1/2

[Event "Irwin/Haring/Denker/Barber/Rockefeller Championships 2021"]
[Site "Crowne Plaza Cherry Hill, United States"]
[Date "2021.08.01"]
[Round "2.12"]
[White "Zhuang, Kyle"]
[Black "Su, Jasmine Zhixin"]
[Result "0-1"]
[TimeControl "G/90;+30"]
[WhiteElo "1648"]
[BlackElo "1944"]

1. e4 {[%clk 01:30:58]} {[%emt 00:00:11]} c5 {[%clk 01:30:58]} 2. Nc3 {[%clk
01:31:20]} {[%emt 00:00:07]} Nc6 {[%clk 01:31:23]} {[%emt 00:00:03]} 3. Bb5
{[%clk 01:31:44]} {[%emt 00:00:08]} Nd4 {[%clk 01:31:48]} {[%emt 00:00:04]} 4.
Bc4 {[%clk 01:32:07]} {[%emt 00:00:11]} e6 {[%clk 01:32:01]} {[%emt 00:00:18]}
5. Nf3 {[%clk 01:32:23]} {[%emt 00:00:54]} Nf6 {[%clk 01:31:53]} 6. d3 {[%clk
01:31:44]} {[%emt 00:00:59]} d5 {[%emt 00:00:53]} 7. Bb3 {[%emt 00:02:48]} Nxb3
{[%clk 01:30:40]} {[%emt 00:01:31]} 8. axb3 {[%emt 00:01:33]} Be7 {[%clk
01:29:39]} 9. O-O {[%clk 01:30:05]} O-O {[%clk 01:29:02]} {[%emt 00:01:13]} 10.
e5 {[%emt 00:01:53]} Nd7 {[%clk 01:28:48]} {[%emt 00:00:27]} 11. Re1 {[%emt
00:01:21]} b6 {[%emt 00:02:30]} 12. d4 {[%clk 01:28:15]} {[%emt 00:00:22]} a5
{[%clk 01:24:26]} {[%emt 00:02:56]} 13. Bf4 {[%clk 01:26:15]} {[%emt 00:02:29]}
Ba6 {[%clk 01:23:37]} {[%emt 00:01:17]} 14. Ne2 {[%clk 01:14:05]} {[%emt
00:12:49]} Rc8 {[%clk 01:17:54]} {[%emt 00:06:11]} 15. c3 {[%clk 01:10:46]}
{[%emt 00:03:42]} Bxe2 {[%clk 01:12:30]} {[%emt 00:05:57]} 16. Qxe2 {[%clk
01:10:55]} {[%emt 00:00:16]} Nb8 {[%clk 01:10:27]} {[%emt 00:02:58]} 17. Rac1
{[%clk 01:06:45]} {[%emt 00:04:29]} Nc6 {[%clk 01:09:10]} {[%emt 00:01:41]} 18.
Red1 {[%clk 01:02:37]} {[%emt 00:04:41]} Qd7 {[%clk 01:02:38]} {[%emt
00:06:52]} 19. Qb5 {[%clk 00:54:02]} {[%emt 00:09:05]} Nxe5 {[%clk 00:58:37]}
{[%emt 00:04:31]} 20. Qe2 {[%clk 00:48:07]} {[%emt 00:06:27]} Nxf3+ {[%clk
00:56:54]} {[%emt 00:02:53]} 21. Qxf3 {[%clk 00:48:24]} Bf6 {[%clk 00:56:46]}
{[%emt 00:00:31]} 22. Be3 {[%clk 00:47:23]} {[%emt 00:01:42]} Qe7 {[%clk
00:53:48]} {[%emt 00:03:02]} 23. c4 {[%clk 00:44:59]} {[%emt 00:02:47]} cxd4
{[%clk 00:47:23]} {[%emt 00:06:54]} 24. Bxd4 {[%clk 00:44:34]} {[%emt
00:01:22]} Bxd4 {[%clk 00:47:02]} {[%emt 00:00:43]} 25. Rxd4 {[%clk 00:44:36]}
{[%emt 00:00:26]} b5 {[%clk 00:46:02]} {[%emt 00:01:29]} 26. Qe3 {[%clk
00:35:36]} {[%emt 00:09:14]} Qc5 {[%clk 00:40:04]} {[%emt 00:06:28]} 27. Rc3
{[%clk 00:34:32]} {[%emt 00:01:36]} dxc4 {[%clk 00:37:57]} {[%emt 00:03:02]} 28.
bxc4 {[%clk 00:34:20]} {[%emt 00:00:15]} bxc4 {[%clk 00:35:47]} {[%emt
00:02:39]} 29. b3 {[%clk 00:30:51]} {[%emt 00:03:59]} Rcd8 {[%clk 00:27:01]}
{[%emt 00:09:50]} 30. Rcxc4 {[%clk 00:29:05]} {[%emt 00:01:43]} Rxd4 {[%clk
00:27:02]} {[%emt 00:00:36]} 31. Qxd4 {[%clk 00:28:33]} {[%emt 00:00:55]} Qf5
{[%clk 00:26:07]} {[%emt 00:01:25]} 32. Rc1 {[%clk 00:24:56]} {[%emt 00:04:13]}
h6 {[%clk 00:25:00]} {[%emt 00:01:34]} 33. Qc5 {[%clk 00:22:49]} {[%emt
00:02:44]} Rb8 {[%clk 00:23:05]} {[%emt 00:02:18]} 34. Qc3 {[%clk 00:17:51]}
{[%emt 00:05:23]} Qd5 {[%clk 00:20:23]} {[%emt 00:03:19]} 35. Rb1 {[%clk
00:15:53]} {[%emt 00:02:28]} a4 {[%clk 00:16:20]} {[%emt 00:04:37]} 36. b4
{[%clk 00:14:43]} {[%emt 00:01:30]} Qa2 {[%clk 00:16:04]} {[%emt 00:00:47]} 37.
Qd3 {[%clk 00:11:30]} {[%emt 00:03:43]} Rc8 {[%clk 00:11:45]} {[%emt 00:04:56]}
38. b5 {[%clk 00:09:21]} {[%emt 00:02:56]} Rc2 {[%clk 00:11:10]} {[%emt
00:00:45]} 39. Rf1 {[%clk 00:09:34]} {[%emt 00:00:11]} Qb3 {[%clk 00:10:12]}
{[%emt 00:02:09]} 40. Qe4 {[%clk 00:07:24]} {[%emt 00:02:05]} Rc4 {[%clk
00:09:30]} {[%emt 00:01:09]} 41. Qb1 {[%clk 00:06:34]} {[%emt 00:01:17]} Rb4
{[%clk 00:09:42]} {[%emt 00:00:18]} 42. Qxb3 {[%clk 00:05:19]} {[%emt
00:02:20]} axb3 {[%clk 00:10:03]} 43. Rb1 {[%clk 00:05:40]} Rxb5 {[%clk
00:10:11]} {[%emt 00:00:07]} 44. Kf1 {[%clk 00:05:32]} {[%emt 00:00:36]} b2
{[%clk 00:10:10]} {[%emt 00:00:30]} 45. Ke2 {[%clk 00:05:55]} {[%emt 00:00:07]}
e5 {[%clk 00:10:16]} {[%emt 00:00:25]} 46. Kd3 {[%clk 00:06:18]} {[%emt
00:00:12]} f5 {[%clk 00:10:33]} {[%emt 00:00:07]} 47. Kc4 {[%clk 00:06:35]}
{[%emt 00:00:54]} Rb8 {[%clk 00:10:13]} {[%emt 00:00:15]} 48. f3 {[%clk
00:05:36]} {[%emt 00:01:26]} Kf7 {[%clk 00:10:22]} {[%emt 00:00:41]} 49. h3
{[%clk 00:05:29]} {[%emt 00:00:51]} Ke6 {[%clk 00:10:11]} {[%emt 00:00:10]} 50.
g4 {[%clk 00:05:48]} {[%emt 00:00:26]} g6 {[%clk 00:10:03]} {[%emt 00:00:20]}
51. h4 {[%clk 00:05:33]} {[%emt 00:00:42]} fxg4 {[%clk 00:08:58]} {[%emt
00:01:35]} 52. fxg4 {[%clk 00:05:56]} {[%emt 00:00:11]} h5 {[%clk 00:09:12]}
{[%emt 00:00:13]} 53. gxh5 {[%clk 00:06:19]} {[%emt 00:00:07]} gxh5 {[%clk
00:09:38]} {[%emt 00:00:15]} 54. Kd3 {[%clk 00:06:41]} Kf5 {[%clk 00:09:37]}
{[%emt 00:00:27]} 55. Ke3 {[%clk 00:06:57]} {[%emt 00:00:14]} Kg4 {[%clk
00:09:21]} {[%emt 00:00:46]} 56. Ke4 {[%clk 00:07:18]} {[%emt 00:00:17]} Rb5
{[%clk 00:09:18]} {[%emt 00:00:40]} 57. Ke3 {[%clk 00:07:17]} {[%emt 00:00:17]}
Kxh4 {[%clk 00:09:34]} {[%emt 00:00:17]} 58. Kf3 {[%clk 00:07:38]} {[%emt
00:00:07]} Kg5 {[%clk 00:09:34]} {[%emt 00:00:36]} 59. Kg3 {[%clk 00:07:53]}
{[%emt 00:00:27]} h4+ {[%clk 00:09:48]} 60. Kh3 {[%clk 00:08:04]} {[%emt
00:00:19]} Rb3+ {[%clk 00:09:53]} {[%emt 00:00:26]} 61. Kg2 {[%clk 00:08:12]}
{[%emt 00:00:19]} Kg4 {[%clk 00:10:02]} {[%emt 00:00:32]} 62. Kf2 {[%clk
00:08:36]} h3 {[%clk 00:10:16]} {[%emt 00:00:14]} 63. Kg1 {[%clk 00:08:52]}
{[%emt 00:00:12]} e4 {[%clk 00:10:15]} {[%emt 00:00:40]} 64. Kf2 {[%clk
00:09:15]} {[%emt 00:00:12]} e3+ {[%clk 00:10:33]} {[%emt 00:00:04]} 65. Ke2
{[%clk 00:09:41]} 0-1